Microwave, radar & RF engineering: (Record no. 591530)
[ view plain ]
| 000 -LEADER | |
|---|---|
| fixed length control field | 01481nam a22002895i 4500 |
| 001 - CONTROL NUMBER | |
| control field | 20281200 |
| 003 - CONTROL NUMBER IDENTIFIER | |
| control field | NUST |
| 005 - DATE AND TIME OF LATEST TRANSACTION | |
| control field | 20221006110812.0 |
| 008 - FIXED-LENGTH DATA ELEMENTS--GENERAL INFORMATION | |
| fixed length control field | 180116s2018 nyu 000 0 eng |
| 010 ## - LIBRARY OF CONGRESS CONTROL NUMBER | |
| LC control number | 2018931502 |
| 020 ## - INTERNATIONAL STANDARD BOOK NUMBER | |
| International Standard Book Number | 9789811079641 |
| 040 ## - CATALOGING SOURCE | |
| Original cataloging agency | DLC |
| Language of cataloging | eng |
| Description conventions | rda |
| Transcribing agency | DLC |
| 042 ## - AUTHENTICATION CODE | |
| Authentication code | pcc |
| 082 ## - DEWEY DECIMAL CLASSIFICATION NUMBER | |
| Classification number | 537.5344, CHA |
| 100 ## - MAIN ENTRY--PERSONAL NAME | |
| Personal name | Parkash Kumar Chaturvedi |
| 9 (RLIN) | 99245 |
| 245 00 - TITLE STATEMENT | |
| Title | Microwave, radar & RF engineering: |
| Remainder of title | with laboratory manual |
| 263 ## - PROJECTED PUBLICATION DATE | |
| Projected publication date | 1804 |
| 264 #1 - PRODUCTION, PUBLICATION, DISTRIBUTION, MANUFACTURE, AND COPYRIGHT NOTICE | |
| Place of production, publication, distribution, manufacture | New York, NY : |
| Name of producer, publisher, distributor, manufacturer | Springer Berlin Heidelberg, |
| Date of production, publication, distribution, manufacture, or copyright notice | 2018. |
| 300 ## - PHYSICAL DESCRIPTION | |
| Extent | xvii, 466: pages |
| 336 ## - CONTENT TYPE | |
| Content type term | text |
| Content type code | txt |
| Source | rdacontent |
| 337 ## - MEDIA TYPE | |
| Media type term | unmediated |
| Media type code | n |
| Source | rdamedia |
| 338 ## - CARRIER TYPE | |
| Carrier type term | volume |
| Carrier type code | nc |
| Source | rdacarrier |
| 505 ## - FORMATTED CONTENTS NOTE | |
| Formatted contents note | Introduction to Microwaves (Page-1), Transmission Lines, Waveguides, Strip Lines, and Stub Matching by Smith Chart (Page-19), Microwave Cavity Resonators (Page-81),Microwave Components and Their Scattering Matrices (Page-101),Microwave Tubes as Microwave Source (Oscillators) and Amplifiers (Page-151),Microwave Semiconductors Devices: Oscillators, Amplifiers, and Circuit (Page-193),Microwave Measurement: Instruments and Techniques (Page-271),Microwave Propagation in Space and Microwave Antennas (Page-297),Radar (Page-333),RF Filter Design (Page-355),RF Amplifiers, Oscillator, and Mixers (Page-401),Simple Laboratory Experiments and Laboratory Manual (Page-423). |
| 906 ## - LOCAL DATA ELEMENT F, LDF (RLIN) | |
| a | 0 |
| b | ibc |
| c | orignew |
| d | 2 |
| e | epcn |
| f | 20 |
| g | y-gencatlg |
| 942 ## - ADDED ENTRY ELEMENTS (KOHA) | |
| Source of classification or shelving scheme | |
| Koha item type | Book |
| Withdrawn status | Lost status | Source of classification or shelving scheme | Damaged status | Not for loan | Permanent Location | Current Location | Shelving location | Date acquired | Full call number | Barcode | Date last seen | Price effective from | Koha item type | Public note |
|---|---|---|---|---|---|---|---|---|---|---|---|---|---|---|
| Military College of Signals (MCS) | Military College of Signals (MCS) | Reference | 10/06/2022 | 537.5344,CHA | MCS38384 | 10/06/2022 | 10/06/2022 | Book | Almirah Fresh No.44, Shelf No.6 |
